
Library Catalogue

| 000 -LEADER | |
|---|---|
| fixed length control field | 01230cam a2200313 i 4500 |
| 001 - CONTROL NUMBER | |
| control field | 19273862 |
| 005 - DATE AND TIME OF LATEST TRANSACTION | |
| control field | 20260217071940.0 |
| 008 - FIXED-LENGTH DATA ELEMENTS--GENERAL INFORMATION | |
| fixed length control field | 160914s2017 mau 000 0 eng |
| 010 ## - LIBRARY OF CONGRESS CONTROL NUMBER | |
| LC control number | 2016953907 |
| 020 ## - INTERNATIONAL STANDARD BOOK NUMBER | |
| International Standard Book Number | 9781848449770 |
| 035 ## - SYSTEM CONTROL NUMBER | |
| System control number | 19273862 |
| 040 ## - CATALOGING SOURCE | |
| Original cataloging agency | DLC |
| Language of cataloging | eng |
| Description conventions | rda |
| Transcribing agency | DLC |
| 042 ## - AUTHENTICATION CODE | |
| Authentication code | pcc |
| 082 ## - DEWEY DECIMAL CLASSIFICATION NUMBER | |
| Classification number | 338.064 MET |
| 245 10 - TITLE STATEMENT | |
| Title | Creative destruction, vol. 1-2 / |
| Statement of responsibility, etc. | edited by J. Stanley Metcalfe and Ronnie Ramlogan. |
| 264 #1 - PRODUCTION, PUBLICATION, DISTRIBUTION, MANUFACTURE, AND COPYRIGHT NOTICE | |
| Place of production, publication, distribution, manufacture | Cheltenham : |
| Name of producer, publisher, distributor, manufacturer | Edward Elgar Publishing, |
| Date of production, publication, distribution, manufacture, or copyright notice | 2017. |
| 300 ## - PHYSICAL DESCRIPTION | |
| Extent | 2 volumes ; |
| Dimensions | 26 cm. |
| 490 0# - SERIES STATEMENT | |
| Series statement | The international library of critical writings in economics ; |
| Volume/sequential designation | 330 |
| 490 0# - SERIES STATEMENT | |
| Series statement | An Elgar research collection |
| 650 #0 - SUBJECT ADDED ENTRY--TOPICAL TERM | |
| Topical term or geographic name entry element | Creative destruction. |
| 650 #0 - SUBJECT ADDED ENTRY--TOPICAL TERM | |
| Topical term or geographic name entry element | Technological innovations |
| General subdivision | Economic aspects. |
| 650 #0 - SUBJECT ADDED ENTRY--TOPICAL TERM | |
| Topical term or geographic name entry element | Technology transfer. |
| 700 1# - ADDED ENTRY--PERSONAL NAME | |
| Personal name | Metcalfe, J. S. |
| 700 1# - ADDED ENTRY--PERSONAL NAME | |
| Personal name | Ramlogan, R. |
| 856 ## - ELECTRONIC LOCATION AND ACCESS | |
| Uniform Resource Identifier | <a href="https://www.e-elgar.com/shop/gbp/creative-destruction-9781848449770.html?srsltid=AfmBOorlb_RW-cmZU0gt7ea3HwhVVVo8RjbnpVDmzsvEuuRM28R2K5zQ">https://www.e-elgar.com/shop/gbp/creative-destruction-9781848449770.html?srsltid=AfmBOorlb_RW-cmZU0gt7ea3HwhVVVo8RjbnpVDmzsvEuuRM28R2K5zQ</a> |
| Link text | Table of contents |
| 906 ## - LOCAL DATA ELEMENT F, LDF (RLIN) | |
| a | 7 |
| b | cbc |
| c | origres |
| d | 2 |
| e | ncip |
| f | 20 |
| g | y-gencatlg |
| 942 ## - ADDED ENTRY ELEMENTS (KOHA) | |
| Source of classification or shelving scheme | Dewey Decimal Classification |
| Koha item type | BOOKs |
| Withdrawn status | Lost status | Source of classification or shelving scheme | Materials specified (bound volume or other part) | Damaged status | Not for loan | Collection code | Home library | Current library | Shelving location | Date acquired | Source of acquisition | Coded location qualifier | Total Checkouts | Full call number | Barcode | Date last seen | Price effective from | Koha item type | Cost, normal purchase price |
|---|---|---|---|---|---|---|---|---|---|---|---|---|---|---|---|---|---|---|---|
| Dewey Decimal Classification | HB | Reference | . | . | 07.03.2018 | Purchased | REFERENCE | 338.064 MET-I | 35958 | 07.03.2019 | 07.03.2019 | BOOKs | |||||||
| Dewey Decimal Classification | HB | Reference | . | . | 07.03.2018 | Purchased | REFERENCE | 338.064 MET-II | 35959 | 07.03.2019 | 07.03.2019 | BOOKs | 2844.00 |